| 000 | 01601nam a2200205Ia 4500 | ||
|---|---|---|---|
| 003 | Ost | ||
| 005 | 20260507075638.0 | ||
| 008 | 260507s9999||||xx |||||||||||||| ||und|| | ||
| 040 | _cfsecg | ||
| 041 | _aara | ||
| 082 | _a346.07 | ||
| 100 |
_aمحمدين، جلال وفاء _eمؤلف |
||
| 245 | 0 |
_aالمبادئ العامة في القانون التجاري / _c جلال وفاء محمدين |
|
| 260 |
_aالاسكندرية: _bالدار الجامعية, _c[د.ت.] |
||
| 300 |
_a408 صفحة؛ _bإيضاحات ؛ _c24 سم |
||
| 520 | _aيتناول هذا الكتاب المبادىء العامة في القانون التجاري في الموضوعات نظرية الأعمال التجارية والتاجر والشركات التجارية ماهية القانون التجاري ، موضوعات في القانون التجاري ،في تطوير القانون التجاري -نظرية الأعمال التجارية ،في مضمون العمل التجاري،الأعمال التجارية الموضوعية ،الأعمال التجارية التبعية المختلطة،أهمية التمييز بين الأعمال -نظرية التاجر،في اكتساب صفة التاجر ،التزامات التجار -الشركات ،الأحكام العامة ،عقد النقل ،التوسط التجاري-عمليات البنوك ،الحساب التجاري ،عقد فتح الاعتماد البسيط والمستندي ،النقل البحري | ||
| 653 | _aالقانون | ||
| 653 | _aالقانون التجاري | ||
| 942 | _cكتاب | ||
| 999 |
_c45350 _d45350 |
||